000 00670nam a22002057a 4500
999 _c141158
_d141158
005 20230524155516.0
010 _aENG-118672 ENG-137028
020 _a9788184655513
_c450.00
035 _aEN-102204
035 _aEN-120560
037 _bDBAD/PUB
082 _a305.562
100 _aDaniel, Monodeep
245 _aReligions in India :
_cby Monodeep Daniel
_bthe vision of B. R. Ambedkar /
260 _a Delhi
_bDelhi Brotherhood Society(DBS)
_c2016
270 _a 1585, Madarsa Road, Kashmere Gate
_b Delhi
_e110006
300 _axii,302p.
_c25cm(Hb)
500 _aincludes bibliographical reference and index
942 _2ddc
_cEN
_h305.562
_mDAN